01116nam a2200277Ia 4500001001200000003000800012006001900020007001500039008004100054020002500095020002200120040002100142035002100163050002300184100002600207245009500233260005800328300001700386504006400403533015200467650002300619650002400642655002900666710001700695856012600712ebr10288378CaPaEBRm u cr cn|||||||||080902s2009 enk sb 001 0 eng d z9780199552047 (hbk.) z0199552045 (hbk.) aCaPaEBRcCaPaEBR a(OCoLC)37318546414aQH375b.G63 2009eb1 aGodfrey-Smith, Peter.10aDarwinian populations and natural selectionh[electronic resource] /cPeter Godfrey-Smith. aOxford ;aNew York :bOxford University Press,c2009. aviii, 207 p. aIncludes bibliographical references (p. 185-201) and index. aElectronic reproduction.bPalo Alto, Calif. :cebrary,d2009.nAvailable via World Wide Web.nAccess may be limited to ebrary affiliated libraries. 0aNatural selection. 0aEvolution (Biology) 7aElectronic books.2local2 aebrary, Inc.40uhttp://site.ebrary.com/lib/rucke/Doc?id=10288378zAn electronic book accessible through the World Wide Web; click to view